| 000 | 00000nam##2200000za#4500 |
| 001 | 9.695958 |
| 003 | CaOODSP |
| 005 | 20210624234821 |
| 007 | cr ||||||||||| |
| 008 | 150407|1998||||xxc|||||o f|0| 0 eng|d |
| 040 | |aCaOODSP|beng |
| 043 | |an-cn--- |
| 086 | 1 |aSN3-1/2-1998E-IN |
| 110 | 1 |aCanada.|bNational Library of Canada. |
| 245 | 10|aCultivating Canadian gardens : |h[electronic resource]|bthe history of gardening in Canada / |cby Carol Martin. |
| 260 | |aOttawa - Ontario : |bNational Library of Canada |c1998. |
| 300 | |a19p.|billus., references |
| 500 | |aN.B.: Incorrect catalogue number (SN3-1/2-1998E-IN) printed in this publication. |
| 590 | |a12-17-Supp|b2012-04-20 |
| 690 | 07|aGardening|2gcpds |
| 720 | 1 |aMartin, Carol |
| 775 | 08|tCultiver son jardin au Canada : |w(CaOODSP)9.640076 |
| 776 | 0#|tCultivating Canadian gardens : |w(CaOODSP)9.646824 |
| 856 | 40|ahttp://publications.gc.ca|qPDF|s1.11 MB|uhttps://publications.gc.ca/collections/Collection/SN3-1-2-1998E.pdf |